| 000 | 00734nam a22002057a 4500 | ||
|---|---|---|---|
| 008 | 151020b xxu||||| |||| 00| 0 eng d | ||
| 020 | _a0471593648 (cloth : acidfree paper) : | ||
| 041 | 0 | _aeng | |
| 080 | _a658.4 | ||
| 100 | 1 | _aHalal, William E. | |
| 245 | 1 | 0 |
_aInternal markets : _cWilliam E. Halal, Ali Geranmayeh, John Pourdehnad ; foreword by Russell L. Ackoff. |
| 260 |
_aNew York : _bWiley, _c1993. |
||
| 300 |
_axviii, 301 f. : _bme il.; _c24 cm. |
||
| 650 | 0 | _aNdryshimi në organizatë | |
| 650 | 0 | _aRiorganizimi në korporatë | |
| 650 | 0 | _aEfektiviteti në organizatë | |
| 700 | 1 | _aGeranmayeh, Ali. | |
| 700 | 1 | _aPourdehnad, John. | |
| 942 |
_2udc _cBK |
||
| 999 |
_c1321 _d1321 |
||